00649nam a2200169Ia 4500008004100000041000800041082001700049100002600066245006500092260002800157300002700185365001600212700002600228906004900254999001900303952015700322230718s9999 xx 000 0 und d aeng a330.954bPRA aPrakash B.A. (Editor) aIndian Economy Since 1991bEconomic Performs And Performance c2009bPearson Education a598dRef 365 G (33574) cRs.b450.00 aPrakash B.A. (Editor) dO:0025109-Sep-2009B:206907-Sep-2009cITb990 c322375d322375 00104070aCCEPbCCEPd2009-09-10eOm Book StallfITg360.00i2069l0o330.954pCCEP-BK-33582r2023-07-18 00:00:00t990v450.00w2009-09-07yBKz033582